Statistics for U.S. Presidential Quotes Quiz

Click here to take the quiz!

General Stats

  • This quiz has been taken 26,430 times
    (11,739 since last reset)
  • The average score is 16 of 32

Answer Stats

Quote President % Correct
The only thing we have
to fear is fear itself
Franklin Roosevelt
90%
Ask not what your country
can do for you
John F. Kennedy
90%
Mr. Gorbachev, tear down this wall!Ronald Reagan
81%
Yes we canBarack Obama
80%
I will build a great, great wall
on our southern border
Donald Trump
80%
I'm not a crookRichard Nixon
79%
Four score and seven years ago...Abraham Lincoln
75%
... a date which will live in infamyFranklin Roosevelt
72%
Read my lips: no new taxesGeorge H.W. Bush
72%
Ich bin ein BerlinerJohn F. Kennedy
70%
Speak softly and carry a big stickTheodore Roosevelt
64%
I cannot tell a lie *George Washington
63%
Honey, I forgot to duckRonald Reagan
55%
They misunderestimated meGeorge W. Bush
49%
It depends on what the
meaning of the word "is" is
Bill Clinton
47%
The buck stops here (sign on desk)Harry Truman
46%
We must guard against...
the military-industrial complex
Dwight Eisenhower
46%
I can't deny I'm a better ex-president
than I was a president
Jimmy Carter
46%
They cling to guns or religionBarack Obama
40%
I feel your painBill Clinton
40%
Tippecanoe and Tyler too
(campaign slogan)
William Henry
Harrison
35%
Brownie, you're doing a heck of a jobGeorge W. Bush
34%
Bring 'em onGeorge W. Bush
34%
A kinder, gentler nationGeorge H.W. Bush
30%
The world must be made
safe for democracy
Woodrow Wilson
26%
... you can not fool all of the
people all of the time *
Abraham Lincoln
24%
Let us never negotiate out of fear.
But let us never fear to negotiate
John F. Kennedy
22%
The price of freedom is
eternal vigilance *
Thomas Jefferson
21%
I have always found that mercy bears
richer fruits than strict justice
Abraham Lincoln
19%
We in America today are nearer to the
final triumph over poverty than ever
before in the history of any land
Herbert Hoover
14%
If men were angels, no government
would be necessary
James Madison
14%
Facts are stubborn thingsJohn Adams
11%

Score Distribution

Percentile by Number Answered

Percent of People with Each Score

Your Score History

You have not taken this quiz since the last reset